On estimating business loan credit risk

Niektoré problémy pri odhade úrovne kreditného rizika v úverovom portfóliu alebo pri jednotlivom úvere. Problematika stanovenia ratingových kategórií a ich prechodu v rámci jednotlivých rizikových kategórií na základe definovania ukazovateľov, ktoré ovplyvňujú tento pohyb. Analyzovanie kreditného ri...

Full description

Saved in:
Bibliographic Details
Main Author: Gertler, Ľubomíra, 1977-
Format: Book Chapter
Language:English
Subjects:
Tags: Add Tag
No Tags, Be the first to tag this record!

MARC

LEADER 00000naa$a2200000$$$4500
001 0055892
005 20240502071633.2
041 0 |a eng 
044 |a SK 
245 1 0 |a On estimating business loan credit risk  |c Ľubomíra Gertler 
520 |a Niektoré problémy pri odhade úrovne kreditného rizika v úverovom portfóliu alebo pri jednotlivom úvere. Problematika stanovenia ratingových kategórií a ich prechodu v rámci jednotlivých rizikových kategórií na základe definovania ukazovateľov, ktoré ovplyvňujú tento pohyb. Analyzovanie kreditného rizika niektorých spoločností na Slovensku. 
610 2 0 |a riziko úverové 
610 2 0 |a úver 
610 2 0 |a podnikanie 
610 2 0 |a portfólio 
610 2 0 |a rating úverový 
610 2 0 |a firmy 
610 2 0 |a Slovensko 
100 1 |a Gertler, Ľubomíra, 1977-